000 00873nam a2200253Ia 4500
003 OSt
005 20221005104831.0
006 a|||||r|||| 00| 0
007 ta
008 221004b |||||||| |||| 00| 0 hin d
020 _a8173120323 (hbk)
_c300
024 _a101996
037 _b406, 22/03/2010, Swaraj Prakashan
_cTextual
040 _aCRL
_cCRL
_bhin
041 _2hin
_ahin
082 _a4,1x21, 152P5
100 _aरैणा, गौरीशंकर
245 0 _aसंचार टेक्नोलॉजी
246 _aSanchār ṭeknolaॉjī
260 _aदिल्ली
_bश्री नटराज प्रकाशन भारत
_c2005
300 _a160पृ0
_ccm.
942 _h4,1x21, 152P5
_cTEXL
_2cc
999 _c1013935
_d1013935